| 000 | 02232nac a22005051u 4500 | ||
|---|---|---|---|
| 010 | _a 76141327 | ||
| 020 | _a9780379004670 | ||
| 022 | _a0379004674 | ||
| 082 | 0 | 0 |
_a342.02305 _bCON |
| 090 |
_c9995 _d9995 |
||
| 100 | _a20080729 | ||
| 245 | 0 | 0 |
_aConstitutions of the countries of the world; _ba series of updated texts, constitutional chronologies and annotated bibliographies. _cEdited by A.P. Blaustein and G.H. Flanz. |
| 250 | _aPermanent ed. | ||
| 260 |
_aDobbs Ferry, N.Y., _bOceana Publications _c[1971- |
||
| 300 |
_a20 v. (loose-leaf) _c28 cm. |
||
| 500 | _aThe English translations of some of the constitutions are accompanied by the original texts. | ||
| 500 | _aIncludes unnumbered supplement volume and Historic constitutions volumes. | ||
| 500 | _aDonations. | ||
| 500 | _aDonations : AUC Library. | ||
| 504 | _aIncludes bibliographies. | ||
| 511 | _aCatalogued By: Mahitab. | ||
| 650 | 0 | _aConstitutions. | |
| 700 | 1 |
_aBlaustein, Albert P., _d1921- |
|
| 700 | 1 | _aFlanz, Gisbert H. | |
| 942 |
_cNB _k342.02305CON |
||
| 999 |
_c9995 _d9995 |
||